| 000 | 01391nam a2200289 i 4500 | ||
|---|---|---|---|
| 001 | 189030 | ||
| 003 | ES-MaACL | ||
| 005 | 20250901042158.0 | ||
| 008 | 190322s2017 sp ac |||| |dglg | ||
| 080 | _a32 Hildegart (062.552) | ||
| 111 | 2 |
_aCongreso do Centenario de Hildegart Rodríguez Carballeira (1914-1933) ( _d2014. _cFerrol) _9166651 |
|
| 245 | 1 | 0 |
_aActas do Congreso do Centenario de Hildegart Rodríguez Carballeira (1914-1933), Ferrol, 5 a 8 de decembro de 2014, Ateneo Ferrolán / _cedición coordenada por Eliseo Fernández. |
| 260 |
_a[A Coruña] : _bDeputación Provincial da Coruña, _c[2017] |
||
| 300 |
_a352 p. : _bil. col. y n., retr. ; _c24 cm. |
||
| 500 | _aCronología. | ||
| 504 | _aReferencias bibliográficas. | ||
| 600 | 0 | 7 |
_aHildegart, _d1914-1933- _vCongresos y asambleas _9166652 |
| 650 | 7 |
_aMujeres en la política- _zEspaña- _vCongresos y asambleas _9166653 |
|
| 650 | 7 |
_aFeminismo- _zEspaña- _vCongresos y asambleas _2 _9142932 |
|
| 700 | 1 |
_aFernández Fernández, Eliseo, _d1967- _9166654 |
|
| 710 | 2 |
_aAteneo Ferrolán. _92041 |
|
| 852 | 4 |
_aES-MaACL _j A-14420 _9196166 _bR.151754 _cDEPO1 _dOlim: N-7420 _gDedicatoria autógrafa de Eliseo Fernandez _hDonación: Eliseo Fernandez |
|
| 903 |
_aFernández Fernández, Eliseo, _d1967- _ednr _9166654 |
||
| 942 |
_2udc _cMONOGRAFIA |
||
| 999 |
_c189030 _d189030 |
||